|
|
|
|
| LEADER |
00000nam2a2200000 4500 |
| 001 |
284087 |
| 005 |
20231101235648.0 |
| 035 |
|
|
|a (RuTPU)RU\TPU\book\308226
|
| 035 |
|
|
|a RU\TPU\book\304225
|
| 090 |
|
|
|a 284087
|
| 100 |
|
|
|a 20150212d1984 k y0rusy50 ca
|
| 101 |
0 |
|
|a rus
|
| 102 |
|
|
|a UA
|
| 105 |
|
|
|a a z 001zy
|
| 200 |
0 |
|
|a Вып. 10
|
| 210 |
|
|
|d 1984
|
| 215 |
|
|
|a 107 с.
|c ил.
|
| 320 |
|
|
|a Библиогр. в конце ст.
|
| 461 |
|
1 |
|0 (RuTPU)RU\TPU\book\211974
|t Проблемы контроля и защита атмосферы от загрязнения
|o республиканский межведомственный сборник научных трудов
|f Академия наук Украинской ССР (АН УССР), Институт технической теплофизики (ИТТФ)
|v Вып. 10
|d 1974-1990
|
| 606 |
1 |
|
|a Атмосфера
|x Защита
|2 stltpush
|3 (RuTPU)RU\TPU\subj\38846
|9 59099
|
| 610 |
1 |
|
|a воздух
|
| 610 |
1 |
|
|a загрязнение
|
| 610 |
1 |
|
|a контроль
|
| 610 |
1 |
|
|a контроль
|
| 610 |
1 |
|
|a автоматизированный контроль
|
| 610 |
1 |
|
|a системы
|
| 610 |
1 |
|
|a средства
|
| 610 |
1 |
|
|a пылегазовый контроль
|
| 610 |
1 |
|
|a социально-экономические аспекты
|
| 610 |
1 |
|
|a гигиенические аспекты
|
| 675 |
|
|
|a 504.3
|v 4
|
| 801 |
|
1 |
|a RU
|b 63413507
|c 20110528
|
| 801 |
|
2 |
|a RU
|b 63413507
|c 20171010
|g RCR
|
| 942 |
|
|
|c BK
|